00301nam a2200109Ia 4500008004100000041001200041082002300053100001600076245006200092260002500154300001200179231217s9999 xx 000 0 und d aEnglish a001.6424 KIT `R' aKit, Edward 0aSoftware testing in the real world: Improving the process c1995bAddison-Wesley axiv+252